Responses for Show #6567 - Tuesday, March 19, 2013

Contestants

[<< previous game]

Lars Medley, a non-profit program coordinator from Salt Lake City, Utah

Lauren Girard, a museum guest relations manager from Los Angeles, California

Rob Groves, a classics lecturer from Los Angeles, California (whose 2-day cash winnings total $41,701)

[next game >>]

Jeopardy! Round responses

AUTHORS
WHICH U.S. CABINET DEPARTMENT?
RETIRED
REAL NAMES OF FAKE CHARACTERS
WATER TRANSPORTATION
THE KING'S ENGLISH
    $200 16
myself

Rob
    $200 21
(Lars: What is the TSA?)
(Rob: What is the Interior?)

The Department of Homeland Security

RobLars
Triple Stumper
    $200 26
(Charles) Schulz

Rob
    $200 7
Monopoly

Lars
    $200 6
(Rob: What is a canal?)

a steamboat

RobLauren
    $200 1
a telephone

Lars
    $400 17
the Grimm brothers

Rob
    $400 22
the Interior

Rob
    $400 27
(Lars: Who is Sampras?)

Andy Roddick

LaurenLars
    $400 8
Barbie

Lars
    $400 12
submarines

Lars
    $400 2
(Lars: What is a stuffed potato?)

a baked potato

LaurenLars
    $600 18
(Rob: What is the duck?)

the pigeon

Rob
Triple Stumper
    $600 23
the Justice Department

Lars
    $600 28
(Alex: The star of My Favorite Year is [*].)

Peter O'Toole

Triple Stumper
    $600 9
the Pillsbury Dough Boy

Lars
    $600 13
the Ugly Duckling

Rob
    $600 3
a credit card or ATM card

Lauren
    $800 19
Maya Angelou

Rob
    $1,400 24
(Lars: What is the Department of Health?)
(Alex: No)
(Lars: ,,, and Huma)
(Alex: No, it's [*].)

the Department of Agriculture

Lars
    $800 29
Secretariat

Rob
    $800 10
the Michelin Man

Lauren
    $800 14
a hovercraft

Rob
    $800 4
welfare

Lars
    $1000 20
(Arthur C.) Clarke

Lars
    $1000 25
the Department of Energy

Rob
    $1000 30
(Olympia) Snowe

Rob
    $1000 11
Bull

Lauren
    $1000 15
(Lars: What is a junk?)

a sampan

Lars
Triple Stumper
    $1000 5
to ground

Rob

Scores at the first commercial break (after clue 15):

Rob Lauren Lars
$2,200 $3,000 $1,200

Scores at the end of the Jeopardy! Round:

Rob Lauren Lars
$6,200 $3,400 $800

Double Jeopardy! Round responses

AROUND THE ARCTIC CIRCLE
BIBLICAL JEALOUSY
MUSIC LEGENDS: BORN & DIED
STARTS & ENDS WITH "A"
1801-1810
THE QUEENS ENGLISH
    $400 22
(Rob: What is Canada?)

Russia

RobLauren
    $400 1
Isaac

Rob
    $400 6
(Rob: Who is Whitney Houston?)

Michael Jackson

RobLauren
    $400 11
an alpaca

Rob
    $400 21
West Point

Rob
    $400 20
JFK

Lauren
    $800 23
Greenland

Lars
    $800 2
Joseph

Rob
    $800 7
Bob Marley

Lars
    $800 12
an amoeba

Lauren
    $800 27
Lewis & Clark

Lars
    $800 19
John McEnroe

Lauren
    $1200 24
(Alex: Now's the time for that country.)

Canada

Rob
    $1200 3
Paul

Triple Stumper
    $1200 8
George Harrison

Lauren
    $1200 13
the agora

Rob
    $1200 28
(Rob: What is bituminous?)

anthracite

Rob
Triple Stumper
    $1200 18
the East River

Lars
    $1600 25
Point Barrow

Triple Stumper
    $2,000 4
(Rob: David...who is [*]?)

King David

Rob
    $3,000 9
Kurt Cobain

Lauren
    $1600 14
ammonia

Rob
    $1600 29
Tripoli

Lars
    $1600 17
(Peter) Stuyvesant

Lars
    $2000 26
Finland

Rob
    $2000 5
Mary

Lars
    $2000 10
Jimi Hendrix

Triple Stumper
    $2000 15
anathema

Lauren
    $2000 30
the Clermont

Triple Stumper
    $2000 16
(Rob: What is Queens?)

Astoria

RobLauren

Scores at the end of the Double Jeopardy! Round:

Rob Lauren Lars
$12,200 $14,400 $9,600

[wagering suggestions for these scores]

Final Jeopardy! Round responses

LITERARY TITLE PLACES
LarsWhat is Notre Dame
$6,401
RobWhat is Notre Dame?
$7,001
LaurenWhat is NotreDam Notre Dame?
$10,000
Notre Dame

Final scores:

Rob Lauren Lars
$19,201 $24,400 $16,001
2nd place: $2,000 New champion: $24,400 3rd place: $1,000

Game dynamics:

Coryat scores:

Rob Lauren Lars
$11,800 $13,000 $11,000
20 R
(including 1 DD),
7 W
15 R
(including 1 DD),
0 W
15 R,
5 W
(including 1 DD)

Combined Coryat: $35,800

[game clues] [game scores] [suggest correction]

Game tape date: 2012-11-13
The J! Archive is created by fans, for fans. Scraping, republication, monetization, and malicious use prohibited; this site may use cookies and collect identifying information. See terms. The Jeopardy! game show and all elements thereof, including but not limited to copyright and trademark thereto, are the property of Jeopardy Productions, Inc. and are protected under law. This website is not affiliated with, sponsored by, or operated by Jeopardy Productions, Inc. Join the discussion at JBoard.tv.